000 00611nam a22002057a 4500
005 20251108170850.0
008 250721s1998 xx 000 0 ara d
082 1 4 _aط/ق/عما
100 1 _aعمارة، حمدي
245 1 0 _aعيد ميلاد ماما /
250 _aط. 2
264 1 _aالقاهرة :
_bالدار المصرية الللبنانية،
_c1998.
300 _a15ص. : مص
490 0 _aأصدقائي
650 1 7 _aالقصص العربية
653 _a(سنوات 9-6) ناشئون صغار
700 1 _aبدران، منال
_eCart.
942 _2ddc
_cBK
999 _c50839
_d50839